00218pam a2200097 a 4500020000500000041000500005082001700010100001600027245004400043260003300087 c h a331.714bVAR aMAHAJAN M., aMANAGERIAL ECONOMICShTextual Documents aPUNEbNIRALI PRAKASHANc1995